Capitals Without the Letters of “Belgrade" - Statistics

General Stats
  • This quiz has been taken 4 times
  • The average score is 4 of 6
Answer Stats
Continents Capitals % Correct
Europe Moscow
100%
South America Quito
75%
Africa Tunis
75%
Europe Minsk
50%
Asia Thimphu
50%
Asia Tokyo
25%
No matching quizzes found
Score Distribution
Percent of People with Each Score
Percentile by Number Answered
Your Score History
You have not taken this quiz